The Ten Commandments - for real - for now / (Record no. 3343)

MARC details
000 -LEADER
fixed length control field 00539nam a22001937a 4500
003 - CONTROL NUMBER IDENTIFIER
control field GBCCL
005 - DATE AND TIME OF LATEST TRANSACTION
control field 20241126110453.0
008 - FIXED-LENGTH DATA ELEMENTS--GENERAL INFORMATION
fixed length control field 171124b xxu||||| |||| 00| 0 eng d
020 ## - INTERNATIONAL STANDARD BOOK NUMBER
International Standard Book Number 185240051X
040 ## - CATALOGING SOURCE
Transcribing agency gbc
082 ## - DEWEY DECIMAL CLASSIFICATION NUMBER
Classification number 241.52
Item number SUL
100 ## - MAIN ENTRY--PERSONAL NAME
Personal name Sullivan, Paul O'
9 (RLIN) 6844
245 ## - TITLE STATEMENT
Title The Ten Commandments - for real - for now /
Statement of responsibility, etc. Paul O'Sullivan
260 ## - PUBLICATION, DISTRIBUTION, ETC.
Place of publication, distribution, etc. Chichester:
Name of publisher, distributor, etc. Sovereign World Limited,
Date of publication, distribution, etc. 1991
300 ## - PHYSICAL DESCRIPTION
Extent 127p.;
Dimensions 20 cm.
650 ## - SUBJECT ADDED ENTRY--TOPICAL TERM
Topical term or geographic name entry element Ten commandments
9 (RLIN) 6845
650 ## - SUBJECT ADDED ENTRY--TOPICAL TERM
Topical term or geographic name entry element Christian Ethics
9 (RLIN) 68
942 ## - ADDED ENTRY ELEMENTS (KOHA)
Source of classification or shelving scheme Dewey Decimal Classification
Koha item type Books
Koha issues (borrowed), all copies 3
Holdings
Withdrawn status Lost status Source of classification or shelving scheme Damaged status Not for loan Home library Current Library Shelving location Date acquired Total checkouts Full call number Barcode Date last seen Date last checked out Copy number Price effective from Koha item type
    Dewey Decimal Classification     GRACE BIBLE COLLEGE GRACE BIBLE COLLEGE Theology 2017-11-24 3 241.52 SUL 005956 2025-05-01 2024-09-30 c.1 2017-11-24 Books
© Grace Bible College Library 2025